Ariana Grande Songs (Updated January 2026) - Statistics

General Stats
  • This quiz has been taken 3,252 times
    591 since last reset
  • The average score is 85 of 194
Answer Stats
Album # Answer % Correct
Positions 12 positions
90%
thank u, next 11 thank u, next
90%
Dangerous Woman 2 Dangerous Woman
89%
Positions 2 34+35
88%
Positions 17 34+35 Remix
88%
thank u, next 10 7 rings
87%
Sweetener 10 no tears left to cry
79%
Dangerous Woman 4 Into You
78%
eternal sunshine 10 we can't be friends (wait for your love)
78%
Wicked 7 Popular
77%
Dangerous Woman 5 Side To Side
77%
eternal sunshine 5 eternal sunshine
76%
Sweetener 5 God is a woman
76%
Sweetener 6 sweetener
76%
eternal sunshine 9 yes, and?
75%
My Everything 13 Bang Bang
74%
My Everything 9 Love Me Harder
74%
My Everything 2 Problem
74%
My Everything 5 Break Free
73%
thank u, next 12 break up with your girlfriend, i'm bored
72%
My Everything 12 My Everything
72%
My Everything 3 One Last Time
70%
Remix features 2021 Save Your Tears
70%
Christmas & Chill | My Everything 1 Intro
68%
Positions 14 pov
68%
Yours Truly 8 The Way
68%
eternal sunshine 8 the boy is mine
66%
Sweetener 9 breathin
65%
thank u, next 2 needy
64%
Singles / Other 2014 Santa Tell Me
64%
thank u, next 3 NASA
63%
Sweetener 14 pete davidson
63%
eternal sunshine 2 bye
62%
Charlie's Angels 3 Don't Call Me Angel
62%
Dangerous Woman 9 Everyday
62%
Positions 8 my hair
62%
Yours Truly 2 Baby I
61%
eternal sunshine 17 dandelion
61%
thank u, next 8 ghostin
61%
thank u, next 1 imagine
61%
eternal sunshine 6 supernatural
61%
thank u, next 4 bloodline
60%
Wicked 11 Defying Gravity
60%
Yours Truly 1 Honeymoon Avenue
60%
Dangerous Woman 1 Moonlight
60%
Positions 3 motive
60%
Sweetener 4 R.E.M.
60%
eternal sunshine 15 twilight zone
59%
Dangerous Woman 7 Greedy
58%
eternal sunshine 19 Hampstead
58%
Positions 5 off the table
58%
Sweetener 1 raindrops (an angel cried)
58%
Singles / Other 2015 Focus
57%
Positions 1 shut up
57%
Collaborations 2020 Stuck with U
57%
Sweetener 7 successful
57%
Sweetener 3 the light is coming
57%
Sweetener 8 everytime
56%
Dangerous Woman 6 Let Me Love You
56%
Positions 7 safety net
56%
thank u, next 6 bad idea
55%
Wicked: For Good 11 For Good
55%
Sweetener 13 goodnight n go
54%
eternal sunshine 1 intro (end of the world)
54%
thank u, next 7 make up
54%
Yours Truly 11 Popular Song
54%
Collaborations 2020 Rain on Me
54%
thank u, next 5 fake smile
53%
eternal sunshine 7 true story
53%
eternal sunshine 12 imperfect for you
52%
thank u, next 9 in my head
52%
eternal sunshine 13 ordinary things
52%
Yours Truly 4 Tattooed Heart
52%
Dangerous Woman 13 Touch It
52%
eternal sunshine 16 warm
52%
Sweetener 2 blazed
51%
Sweetener 11 borderline
51%
Remix features 2023 Die for You
51%
Yours Truly 10 Almost Is Never Enough
50%
Dangerous Woman 3 Be Alright
50%
Sweetener 12 better off
50%
eternal sunshine 3 don't wanna break up again
50%
Sweetener 15 get well soon
50%
Yours Truly 6 Piano
50%
Yours Truly 3 Right There
50%
Positions 4 just like magic
49%
eternal sunshine 18 past life
49%
Collaborations 2019 boyfriend
48%
Dangerous Woman 17 Jason's Song (Gave It Away)
48%
Positions 11 love language
48%
Positions 9 nasty
48%
Singles / Other 2011 Put Your Hearts Up
48%
eternal sunshine 4 Saturn Returns Interlude
48%
Wicked 4 What Is This Feeling?
48%
eternal sunshine 11 i wish i hated you
47%
Positions 10 west side
47%
My Everything 6 Best Mistake
46%
Dangerous Woman 14 Knew Better / Forever Boy
46%
Dangerous Woman 8 Leave Me Lonely
46%
Positions 6 six thirty
46%
Positions 13 obvious
45%
Positions 16 test drive
45%
Dangerous Woman 12 Bad Decisions
44%
My Everything 7 Be My Baby
44%
Yours Truly 7 Daydreamin'
44%
Christmas Kisses 1 Last Christmas
44%
Wicked 1 No One Mourns the Wicked
44%
Dangerous Woman 10 Sometimes
44%
Wicked: For Good 10 The Girl in the Bubble
44%
My Everything 10 Just A Little Bit Of Your Heart
43%
My Everything 14 Only 1
43%
My Everything 4 Why Try
43%
Dangerous Woman 16 Step On Up
42%
Dangerous Woman 15 Thinking Bout You
42%
Collaborations 2018 Bed
40%
My Everything 8 Break Your Heart Right Back
40%
Yours Truly 12 Better Left Unsaid
39%
My Everything 11 Hands On Me
39%
Yours Truly 9 You'll Never Know
39%
Christmas Kisses 4 Santa Baby
38%
Positions 18 worst behavior
38%
Yours Truly 5 Lovin' It
37%
Positions 19 main thing
37%
My Everything 16 Cadillac Song
36%
Christmas & Chill 3 December
36%
Dangerous Woman 11 I Don't Care
36%
Wicked 6 Dancing Through Life
35%
Collaborations 2019 Monopoly
35%
Wicked 9 One Short Day
34%
Positions 15 someone like u
34%
My Everything 15 You Don't Know Me
34%
Wicked 2 Dear Old Shiz
32%
Collaborations 2018 Dance to This
31%
Charlie's Angels 8 How I Look on You
31%
Collaborations 2021 I Don't Do Drugs
31%
Christmas Kisses 3 Snow In California
31%
Remix features 2024 Sympathy is a knife
31%
Collaborations 2017 Quit
30%
Collaborations 2021 Met Him Last Night
29%
Charlie's Angels 2 Bad to You
28%
Remix features 2019 Good As Hell
28%
Wicked: For Good 2 Thank Goodness / I Couldn't Be Happier
28%
Christmas & Chill 6 Winter Things
28%
My Everything 17 Too Close
27%
Collaborations 2015 Adore
26%
Soundtracks 2017 Beauty and the Beast
26%
Collaborations 2014 Get On Your Knees
26%
Wicked: For Good 6 I'm Not That Girl (Reprise)
26%
Soundtracks 2021 Just Look Up
26%
Christmas & Chill 5 True Love
26%
Christmas & Chill 2 Wit It This Christmas
26%
Wicked: For Good 5 Wonderful
25%
Soundtracks 2016 Faith
24%
Collaborations 2016 My Favorite Part
24%
13 13 / Becoming a Man
22%
Collaborations 2014 All My Love
22%
Charlie's Angels 10 Got Her Own
22%
Charlie's Angels 6 Nobody
22%
Collaborations 2021 Santa, Can't You Hear Me
22%
Collaborations 2019 Rule the World
21%
Singles / Other 2017 Somewhere Over the Rainbow
20%
Christmas Kisses 2 Love Is Everything
19%
Wicked: For Good 1 Every Day More Wicked
18%
Soundtracks 2011 Give It Up
18%
Remix features 2020 Oh Santa!
18%
Collaborations 2015 Research
18%
Collaborations 2015 Boys Like You
17%
Hairspray Live! Mama, I'm a Big Girl Now
17%
Christmas & Chill 4 Not Just On Christmas
17%
Collaborations 2019 Earth
16%
Soundtracks 2016 They Don't Know
16%
Remix features 2015 What Do You Mean?
16%
Collaborations 2019 A Hand for Mrs. Claus
14%
Collaborations 2020 Time
14%
Collaborations 2021 It Was a... (Masked Christmas)
13%
Collaborations 2016 Over and Over Again
13%
Collaborations 2017 Heatstroke
12%
Collaborations 2019 You Don't Own Me
12%
13 A Little More Homework
10%
13 Brand New You
10%
Hairspray Live! Without Love
10%
Singles / Other 2015 Zero to Hero
10%
Remix features 2015 E Più Ti Penso
9%
Collaborations 2025 Hotel Rock Bottom
8%
Collaborations 2018 Arturo Sandoval
7%
Collaborations 2016 Better Days
6%
Hairspray Live! Come So Far (Got So Far to Go)
6%
Singles / Other 2016 Knew Better Part Two
6%
Collaborations 2012 Take Care
4%
Collaborations 2016 This Is Not a Feminist Song
4%
Singles / Other 2016 Voodoo Love
4%
13 It Can't Be True
2%
No matching quizzes found
Score Distribution
Percent of People with Each Score
Percentile by Number Answered
Your Score History
You have not taken this quiz since the last reset